Intraoperative Irradiation. (Record no. 4611)

MARC details
000 -LEADER
fixed length control field 00547nam a22001937a 4500
003 - CONTROL NUMBER IDENTIFIER
control field OSt
005 - DATE AND TIME OF LATEST TRANSACTION
control field 20160701174606.0
008 - FIXED-LENGTH DATA ELEMENTS--GENERAL INFORMATION
fixed length control field 160701b xxu||||| |||| 00| 0 eng d
020 ## - INTERNATIONAL STANDARD BOOK NUMBER
International Standard Book Number 0896035239
040 ## - CATALOGING SOURCE
Transcribing agency DNLM.
082 ## - DEWEY DECIMAL CLASSIFICATION NUMBER
Classification number QZ26918 1999.
100 ## - MAIN ENTRY--PERSONAL NAME
Personal name Gunderson,L.Leonard;
9 (RLIN) 9917
245 ## - TITLE STATEMENT
Title Intraoperative Irradiation.
Remainder of title Technique and Result.
260 ## - PUBLICATION, DISTRIBUTION, ETC. (IMPRINT)
Place of publication, distribution, etc. Totowa,
-- New Jersey;
Name of publisher, distributor, etc. Human Press.
Date of publication, distribution, etc. 1999.
300 ## - PHYSICAL DESCRIPTION
Extent xvii,550p;
Other physical details ill;
Dimensions 26cm;
504 ## - BIBLIOGRAPHY, ETC. NOTE
Bibliography, etc includes references and index.
650 ## - SUBJECT ADDED ENTRY--TOPICAL TERM
Topical term or geographic name as entry element Irradiation;
9 (RLIN) 9918
942 ## - ADDED ENTRY ELEMENTS (KOHA)
Source of classification or shelving scheme Other/Generic Classification Scheme
Koha item type Open Shelf
Holdings
Withdrawn status Lost status Source of classification or shelving scheme Damaged status Not for loan Home library Current library Date acquired Source of acquisition Inventory number Total Checkouts Full call number Barcode Date last seen Price effective from Koha item type
    Other/Generic Classification Scheme     MUST Main Library MUST Main Library 01/07/2016   2001/15254   QZ26918 1999. 2016-2964 01/07/2016 01/07/2016 Open Shelf